00316nam a2200121Ia 4500008004100000024001500041082001900056100001800075245001600093260002600109600002100135650003800156260210s9999 xx 000 0 und d a11B-112-BS a005.293072 SAR aSarmad Jamali 0aGeneric ERP aKarachi:bUITU,c2011 aComputer Science aBachelor of Computer Science (BS)